• 首页
  • 本馆介绍
  • 公告通知
  • 最新文献
  • 馆藏检索
  • 电子资源
  • 读者导购
  • 参考咨询
  • 我的图书馆
  • 登录
  • 详细信息显示
  • 放入我的书架
  • 预约/预借图书
  • 作者相关作品
  • 分类相关作品
  • 丛书相关作品
  • 出版社相关作品

书目信息

  • 表格格式
  • 工作单格式
  • 卡片格式
题名:
有机马克思主义
    
 
作者: 克莱顿 , 海因泽克 著 ;孟献丽 , 于桂凤 , 张丽霞 译
分册:  
出版信息: 北京   人民出版社  2015
页数: 18,264页
开本: 24cm
丛书名:
单 册:
中图分类: A81 , D091.5
科图分类:
主题词: 马克思主义--研究 , 资本主义--研究
电子资源:
ISBN: 978-7-01-015016-1
000 01951nam0 2200325 450
001 012001004874
005 20140928162350.0
010    @a978-7-01-015016-1@dCNY48.00
100    @a20151126d2015 em y0chiy50 ea
101 1  @achi@ceng
102    @aCN@b110000
105    @ay z 000yy
106    @ar
200 1  @a有机马克思主义@9you ji ma ke si zhu yi@dOrganic Marxism@e生态灾难与资本主义的替代选择@dAn alternative to capitalism and ecological catastrophe@f(美)菲利普·克莱顿,贾斯廷·海因泽克著@g孟献丽,于桂凤,张丽霞译@zeng
210    @a北京@c人民出版社@d2015
215    @a18,264页@d24cm
330    @a本书以生态灾难为切入点,在对资本主义进行“政治经济学”批判的基础上,提出了资本主义的替代方案,这不仅对解决资本主义世界的生态与阶级贫富不平等问题,而且对中国特色的现代化建设尤其是中国的生态文明建设,具有重要的参考价值与启示意义。本书为人类走出当前生态危机提供了具体的可操作性的实践方案。面对资本主义及其带来的生态危机,相对于其他马克思主义著作侧重于抽象的、宏观的理论性的分析,本书更加突出了马克思主义的实践性特征,不仅对当前教育体制改革提出了建议,而且从经济指标、农业、制造业、管理、银行业等方面的改革出发,为走出生态危机提供了一种具体的、具有可操作性的实践措施。《有机马克思主义》一书的副标题是“资本主义和生态灾难的一种替代选择”,这个替代方案潜含的含义就是——走向社会主义的生态文明。在生态文明建设这一共同追求上,有机马克思主义与当代中国马克思主义有着强烈的共鸣,可以合奏出人类文明转型的新乐章。
510 1  @aOrganic Marxism@zeng
517 1  @a生态灾难与资本主义的替代选择@9sheng tai zai nan yu zi ben zhu yi de ti dai xuan ze
606 0  @a马克思主义@x研究
606 0  @a资本主义@x研究
690    @aA81@v5
690    @aD091.5@v5
701  1 @c(美)@a克莱顿@9ke lai dun@b菲利普@4著
701  1 @c(美)@a海因泽克@9hai yin ze ke@b贾斯廷@4著
702  0 @a孟献丽@9meng xian li@4译
702  0 @a于桂凤@9yu gui feng@4译
702  0 @a张丽霞@9zhang li xia@4译
801  0 @aCN@b上海新华@c20180901
905    @b1171735-9@dA81@e343@f5
    
    有机马克思主义=Organic Marxism:生态灾难与资本主义的替代选择=An alternative to capitalism and ecological catastrophe/(美)菲利普·克莱顿,贾斯廷·海因泽克著/孟献丽,于桂凤,张丽霞译.-北京:人民出版社,2015
    18,264页;24cm
    
    
    ISBN 978-7-01-015016-1:CNY48.00
    本书以生态灾难为切入点,在对资本主义进行“政治经济学”批判的基础上,提出了资本主义的替代方案,这不仅对解决资本主义世界的生态与阶级贫富不平等问题,而且对中国特色的现代化建设尤其是中国的生态文明建设,具有重要的参考价值与启示意义。本书为人类走出当前生态危机提供了具体的可操作性的实践方案。面对资本主义及其带来的生态危机,相对于其他马克思主义著作侧重于抽象的、宏观的理论性的分析,本书更加突出了马克思主义的实践性特征,不仅对当前教育体制改革提出了建议,而且从经济指标、农业、制造业、管理、银行业等方面的改革出发,为走出生态危机提供了一种具体的、具有可操作性的实践措施。《有机马克思主义》一书的副标题是“资本主义和生态灾难的一种替代选择”,这个替代方案潜含的含义就是——走向社会主义的生态文明。在生态文明建设这一共同追求上,有机马克思主义与当代中国马克思主义有着强烈的共鸣,可以合奏出人类文明转型的新乐章。
●
相关链接 在E读中查询图书 在五车中查询图书 在当当中查询图书 在豆瓣中查询图书


正题名:有机马克思主义     索取号:A81/343         预约/预借

序号 登录号 条形码 馆藏地/架位号 状态 备注
1 1171735   211717356   第一样本阅览室/ [索取号:A81/343] 在馆    
2 1171736   211717365   第一借阅区/ [索取号:A81/343] 在馆    
3 1171737   211717374   第一借阅区/ [索取号:A81/343] 在馆    
4 1171738   211717383   第一借阅区/ [索取号:A81/343] 在馆    
5 1171739   211717392   中国特色社会主义理论体系唐师研究基地/ [索取号:A81/343] 在馆    
唐山师范学院图书馆 欢迎您!
大连网信软件有限公司© 版权所有